000 00723nam a2200253Ia 4500
003 OSt
005 20220918174105.0
006 a|||||r|||| 00| 0
007 ta
008 220917b |||||||| |||| 00| 0 eng d
024 _a10,375
037 _cTextual
040 _aARTS
_cARTS
_beng
041 _2eng
_aeng
082 _aQ7:4198, L7.1
100 _aSardar Ziauddin Ed.
_949076
245 0 _aHajj studies
260 _aLondon
_bCroom Helm UK
_c1977
490 _aHajj research centre studies ed by Ziauddin Sardar; 2
650 _aRELIGION
700 _a Badawi M A Zaki Ed.
_949077
942 _hQ7:4198, L7.1
_cTEXL
_2CC
999 _c151747
_d151747